书目信息 |
| 题名: |
建筑施工企业管理信息系统
|
|
| 作者: | 王红兵 , 车春郦 编著 | |
| 分册: | ||
| 出版信息: | 北京 电子工业出版社 2006.03 |
|
| 页数: | 12, 310页 | |
| 开本: | 24cm | |
| 丛书名: | ||
| 单 册: | ||
| 中图分类: | F407.961 | |
| 科图分类: | ||
| 主题词: | 建筑企业--jian zhu qi ye--工业企业管理--管理信息系统 | |
| 电子资源: | ||
| ISBN: | 7-121-02245-1 | |
| 000 | 00937nam0 2200241 450 | |
| 001 | 012007883359 | |
| 005 | 20070929104822.78 | |
| 010 | @a7-121-02245-1@dCNY39.00 | |
| 100 | @a20070814d2006 km y0chiy0120 ea | |
| 101 | 0 | @achi |
| 102 | @aCN@b110000 | |
| 105 | @ay a 000yy | |
| 200 | 1 | @a建筑施工企业管理信息系统@Ajian zhu shi gong qi ye guan li xin xi xi tong@f王红兵, 车春郦编著@Fwang hong bing,che chun li bian zhu |
| 210 | @a北京@c电子工业出版社@d2006.03 | |
| 215 | @a12, 310页@d24cm | |
| 320 | @a有书目。 | |
| 330 | @a本书论述了建筑施工企业信息化及建筑施工企业管理信息系统的目标、任务、思路、步骤、主要内容等,特别是对企业级项目管理信息系统、项目管理信息门户等最新的信息化理论与方法进行了研究。 | |
| 606 | 0 | @a建筑企业@Ajian zhu qi ye@x工业企业管理@x管理信息系统 |
| 690 | @aF407.961@v4 | |
| 701 | 0 | @a王红兵@Awang hong bing@4编著 |
| 701 | 0 | @a车春郦@Ache chun li@4编著 |
| 801 | 0 | @aCN@c20070929 |
| 905 | @dF407.961@eW200 | |
| 建筑施工企业管理信息系统/王红兵, 车春郦编著.-北京:电子工业出版社,2006.03 |
| 12, 310页;24cm |
| ISBN 7-121-02245-1:CNY39.00 |
| 本书论述了建筑施工企业信息化及建筑施工企业管理信息系统的目标、任务、思路、步骤、主要内容等,特别是对企业级项目管理信息系统、项目管理信息门户等最新的信息化理论与方法进行了研究。 |
| ● |
| 相关链接 |
|
|
|
正题名:建筑施工企业管理信息系统
索取号:F407.961/W200
 
预约/预借
| 序号 | 登录号 | 条形码 | 馆藏地/架位号 | 状态 | 备注 |
| 1 | 247766 | 202477667 | 社科二线422/409社科库 35排5列2层/ [索取号:F407.961/W200] | 在馆 | |
| 2 | 247767 | 202477676 | 管理学院资料室/409社科库 35排5列2层/ [索取号:F407.961/W200] | 在馆 | |
| 3 | 247768 | 202477685 | 社科库409/409社科库 35排2列4层/ [索取号:F407.961/W200] | 在馆 |